| 000 | 00556cam a2200193 a 4500 | ||
|---|---|---|---|
| 001 | 000018195 | ||
| 005 | 20200929165409.0 | ||
| 008 | 940616s1992 sp 000 f spa d | ||
| 020 | _a8432246808 | ||
| 035 | _a(DLC) 94172137 | ||
| 040 |
_aDO-SdBNP _bspa _cDLC _dBNPHU |
||
| 082 |
_a863.64 _bB467t |
||
| 100 | 1 |
_aBenítez Reyes, Felipe, _d1960- _939404 |
|
| 245 | 1 | 0 |
_aTratándose de ustedes / _cFelipe Benítez Reyes. |
| 260 |
_aBarcelona : _bSeix Barral, _c1992. |
||
| 300 |
_a142 p. ; _c20 cm. |
||
| 910 | _aCatalogación por copia / LC | ||
| 049 | _aBNGR | ||
| 999 |
_c17716 _d17716 |
||